| 000 | 00969nam0a22002771 4500 | ||
|---|---|---|---|
| 001 | RU\NLR\INFOCOMM_161\5000037493 | ||
| 005 | 20250613091638.0 | ||
| 035 | _a(NLR Aleph) 009119823 | ||
| 090 |
_a8212571 _c8212571 |
||
| 100 | _a20090304d1972 |||y0rusy50 ca | ||
| 101 | 0 | _aeng | |
| 102 | _aRU | ||
| 105 | _ay ||||000|y | ||
| 200 | 1 |
_aThe secret of man's being ... _eA popular essay on the materialist view of history _fE. Beztchérevnykh |
|
| 210 |
_aΜ. _c"Novosti" press agency publ. house _d1972 |
||
| 215 |
_a113 с. _d16 см |
||
| 300 | _aНа обл. авт. не указан | ||
| 300 | _aВ вып. дан.: Э. Безчеревных. Тайны бытия человеческого | ||
| 686 |
_aА550-7 _2rubbk |
||
| 700 | 1 |
_9z02790 _aBezčerevnych _bÉ. V. _gÉduard Viktorovič _4070 |
|
| 790 | 1 |
_9z02700 _aBeztchérevnykh _bE. _4070 |
|
| 801 | 1 |
_aRU _bNLR _c20090304 |
|
| 801 | 0 |
_aRU _bNLR _gPSBO |
|
| 852 |
_aNLR _jД01 Д-1/64 |
||
| 942 | _cBOOK | ||
| 980 | _aNB | ||